000 00699nam a22002297a 4500
005 20251108173156.0
008 250721s2004 xx 000 0 ara d
020 _a9772717239
082 1 4 _a613.25/حسي
100 1 _aالحسيني، أيمن
245 1 0 _aدليل المرأة الحيرانية لعلاج الكرش والبدانة /
264 1 _aالقاهرة :
_bمكتبة ابن سينا للطبع و النشر والتوزيع،
_c2004.
300 _a126 ص.
650 1 7 _aالمرأه
650 1 7 _aالبطن
650 1 7 _aالرجيم
650 1 7 _aتقليص الوزن
650 1 7 _aالأغذية
650 1 7 _aالصحة
942 _2ddc
_cBK
999 _c97782
_d97782